00688 2200241 4500001002100000005001500021035002000036007000300056008004100059020001800100082001500118084002900133084002900162084002900191100003100220245006900251250001000320260003600330300003500366990001500401990001500416990001500431INLIS00000000000995720230725031238 a0010-0723000487ta230725 g 0 ind  a9786232935785 aR 297.1226 aR 297.1226 IMA a C.1 V.5 aR 297.1226 IMA a C.2 V.5 aR 297.1226 IMA a C.3 V.50 aImam Jalaluddin As-Suyuthi1 aAl-Itqan Fi'u;umil Qur'an Volume 5 /cImam Jalaluddin As-Suyuthi acet.1 aYogyakarta :bdiva press,c2021 a374 hlm :bill ;c15,5 x 23 cm a023.4491.5 a023.4489.5 a023.4490.5